Регионална библиотека "Любен Каравелов" - Русе

Големанов (Запис номер 75817)

MARC детайли
000 -Лидер
Контролно поле с фиксирана дължина 01375nam a2200409 a 4500
003 - Код на организацията, давaща контролен номер
Контролно поле BLK
005 - Дата и час на последна редакция
Контролно поле 20230725161300.0
008 - Елементи от данни с фиксирана дължина
fixed length control field 180408b bul|||||r ||||||| ||bul||
010 ## - Наследен системен номер
LC control number KNG00080239000
020 ## - Международен стандартен номер на книга ISBN
Международен стандартен номер на книга ISBN 978-954-739-982-2
040 ## - Източник на каталожния запис
Идентификатор на билиотеката - собственик на записа BLK
041 ## - Код за език
Код за езика на текст/звукозапис или на отделно заглавие Български
Код за езика КДБФ Български
080 ## - УДК
Текстов определител УДК Българска литература
УДК код - определител по УДК 821.163.2
УДК определител -22
УДК - код + определител 821.163.2-22
100 1# - Редна дума - Автор
Автор Костов, Стефан Лазаров
R(LIN) 83131
Дати, свързани с автора 1879 – 1939
Пълна форма на името Стефан Лазаров Костов
139 ## - Редно поле
Редна дума Костов, Стефан Лазаров
Авторски знак Кос - К 86
245 10 - Сведения за заглавието
Заглавие Големанов
Редно поле (дума) Стефан Костов.
257 ## - Страна на издаване
Страна на създаване/издаване България
260 ## - Област на издателските данни
Име на издателя, разпространителя и проч. Захарий Стоянов
Година на издаване 2007
Печатница София : Образование и наука
Място на издаване, разпространение и проч. София
300 ## - Физическа характеристика
Страници 576 с.
Размери/Мащаб 20 см
380 ## - Жанр
Жанр Худож. лит.
490 ## - СЕРИИ (Колекции)
Име на серия Поредица Българска класика
№: серия 110
9 (RLIN) 201304
500 ## - Общи забележки
Забележка Офс. изд.
505 ## - Форматирана забележка
Заглавие Мъжемразка
505 ## - Форматирана забележка
Заглавие Златната мина
505 ## - Форматирана забележка
Заглавие Големанов
505 ## - Форматирана забележка
Заглавие Новото пристанище
505 ## - Форматирана забележка
Заглавие Вражалец
505 ## - Форматирана забележка
Заглавие Женско царство
852 ## - Местоположение
Форматна сигнатура Цб 237551
856 4# - Електронен адрес и достъп
Електронен формат pdf - файл
856 4# - Електронен адрес и достъп
Електронен формат pdf - файл
942 ## - АРТИКУЛИ
Вид на библиотечния материал Книги
Скрит в OPAC Не
Koha issues (borrowed), all copies 9
Периодичен библиозапис Да
944 ## - СЪЗДАВАНЕ И РЕДАКЦИЯ на ЗАПИСА
Създаване/Редакция Създаване
Дата на регистрацията/редакция 21.12.2007
Служител, извършил регистрацията/редакцията 30556
Статус, дата на статуса Теодора Пейчева-Дянкова
944 ## - СЪЗДАВАНЕ И РЕДАКЦИЯ на ЗАПИСА
Създаване/Редакция Редакция
Дата на регистрацията/редакция 21.05.2008
999 ## - СИСТЕМНИ КОНТРОЛНИ НОМЕРА
Koha biblionumber 75817
Koha biblioitemnumber 75817
999 ## - СИСТЕМНИ КОНТРОЛНИ НОМЕРА
Koha biblioitemnumber 75817
999 ## - СИСТЕМНИ КОНТРОЛНИ НОМЕРА
Koha biblioitemnumber 75817
Наличности
Код за отписване Код за изгубен артикул Източник на класификационната схема Код за повреда Коз за рестрикции Код за отдаване Артикулен № Име на библиотеката - собственик Име на библиотеката, в която се намира в момента Статус (Текущо местоположение) Дата на вписване в системата Местоположение - отдел Цена в лева Инвентарен номер Систематично азбучна сигнатура Баркод Номер на екземпляра Цена в евро Служебна бележка Служебен тип на артикула
  Не е изгубен Universal Decimal Classification Не е повреден без рестрикции заемане за дома 123194 Регионална библиотека "Любен Каравелов" Русе Регионална библиотека "Любен Каравелов" Русе Заемна - подръчен фонд 2007-12-20 Заемна - подръчен фонд 8.00 120000721234 П 886.7-2/К 86 120000721234 1 4.09 Дост: Pk Вид: Ф N: 13340 Дата: 17.12.2007 Книги
  Не е изгубен   Не е повреден без рестрикции заемане за дома 123195 Регионална библиотека "Любен Каравелов" Русе Регионална библиотека "Любен Каравелов" Русе Заемна - подръчен фонд 2007-12-20 Заемна - подръчен фонд 8.00 120000721235 П 886.7-2/К 86 120000721235 2 4.09 Дост: Pk Вид: Ф N: 13340 Дата: 17.12.2007 Дата инв: 14.02.2018 Бележки инв: П2018 Книги
  Не е изгубен Universal Decimal Classification Не е повреден без рестрикции заемане за дома 123196 Регионална библиотека "Любен Каравелов" Русе Регионална библиотека "Любен Каравелов" Русе Заемна - подръчен фонд 2007-12-20 Заемна - подръчен фонд 8.00 120000721236 П 886.7-2/К 86 120000721236 3 4.09 Дост: Pk Вид: Ф N: 13340 Дата: 17.12.2007 Дата инв: 14.02.2018 Бележки инв: П2018 Книги
  Не е изгубен   Не е повреден без рестрикции заемане за дома 123197 Регионална библиотека "Любен Каравелов" Русе Регионална библиотека "Любен Каравелов" Русе Заемна - подръчен фонд 2007-12-20 Заемна - подръчен фонд 8.00 120000721237 П 886.7-2/К 86 120000721237 4 4.09 Дост: Pk Вид: Ф N: 13340 Дата: 17.12.2007 Дата инв: 14.02.2018 Бележки инв: П2018 Книги
  Не е изгубен   Не е повреден без рестрикции заемане за дома 123198 Регионална библиотека "Любен Каравелов" Русе Регионална библиотека "Любен Каравелов" Русе Заемна - подръчен фонд 2007-12-20 Заемна - подръчен фонд 8.00 120000721238 П 886.7-2/К 86 120000721238 5 4.09 Дост: Pk Вид: Ф N: 13340 Дата: 17.12.2007 Дата инв: 14.02.2018 Бележки инв: П2018 Книги
  Не е изгубен   Не е повреден без рестрикции ползва се в читалня 123199 Регионална библиотека "Любен Каравелов" Русе Регионална библиотека "Любен Каравелов" Русе Хранилище 2008-04-03 Хранилище 8.00 120000725097 Цб 237551 120000725097 6 4.09 Дост: Dp Вид: Д N: 8 Дата: 23.01.2008 Книги
Vip Innovations Ltd, Rousse, Bulgaria 2025